Elementary linear algebra: a matrix approach (Record no. 7411)
[ view plain ]
| 000 -LEADER | |
|---|---|
| fixed length control field | 00519 a2200157 4500 |
| 020 ## - INTERNATIONAL STANDARD BOOK NUMBER | |
| International Standard Book Number | 0137167229 |
| 040 ## - CATALOGING SOURCE | |
| Original cataloging agency | DLC |
| Language of cataloging | DLC |
| 100 1# - MAIN ENTRY--PERSONAL NAME | |
| Personal name | Friedberg, Solomon, |
| 245 10 - TITLE STATEMENT | |
| Title | Elementary linear algebra: a matrix approach |
| Remainder of title | a matrix approach |
| Statement of responsibility, etc. | Stephen H. Friedberg, Arnold J. Insel, Lawrence E. Spence. |
| 260 ## - PUBLICATION, DISTRIBUTION, ETC. | |
| Place of publication, distribution, etc. | Upper Saddle River, NJ : |
| Name of publisher, distributor, etc. | Prentice Hall, |
| Date of publication, distribution, etc. | 2000. |
| 300 ## - PHYSICAL DESCRIPTION | |
| Extent | xiv, 477 p. : |
| Other physical details | ill. |
| 650 #0 - SUBJECT ADDED ENTRY--TOPICAL TERM | |
| Topical term or geographic name entry element | Algebras, Linear. |
| 700 1# - ADDED ENTRY--PERSONAL NAME | |
| Personal name | Insel, Arnold J. |
| 700 1# - ADDED ENTRY--PERSONAL NAME | |
| Personal name | Spence, Lawrence E. |
| 942 ## - ADDED ENTRY ELEMENTS (KOHA) | |
| Koha item type | Book |
| Call number prefix | 512.5 SPE |
| Source of classification or shelving scheme | |
| Withdrawn status | Lost status | Damaged status | Not for loan | Collection code | Permanent Location | Current Location | Shelving location | Date acquired | Source of acquisition | Cost, normal purchase price | Total Checkouts | Total Renewals | Full call number | Barcode | Date last seen | Date last checked out | Price effective from | Koha item type |
|---|---|---|---|---|---|---|---|---|---|---|---|---|---|---|---|---|---|---|
| Central Library (CL) | Central Library (CL) | General Stacks | 06/20/2005 | Academic Book Company | 7005.24 | 7 | 5 | 512.5 SPE | SEECS005970 | 05/21/2024 | 03/29/2022 | 01/05/2017 | Book |
